000 00389nam a22001217a 4500
999 _c527960
_d527960
082 _a658
245 _aLiterature Analysis of Triple Bottom Line Factors in Achieving Supply Chain Sustainability /
_cAnum Ghaffar Rana.
260 _bNBS - NUST,
942 _2ddc
_cTHE
650 _aMBA Thesis.
_917629
700 _aMr. Kamran Khalid.
_917555